[Event "interzonal (w)"]
[Site "Smederevska Palanka YUG"]
[Date "1987.07.28"]
[Round "11"]
[White "Litinskaya, Marta"]
[Black "Voiska, Margarita"]
[Result "0-1"]
[WhiteElo "2415"]
[BlackElo "2350"]
[EventDate "1987.07.16"]
[PlyCount "86"]

1.d4 Nf6 2.c4 g6 3.Nc3 Bg7 4.e4 d6 5.Nf3 O-O 6.h3 e5 7.d5 Nbd7 8.Be3 Nc5 
9.Nd2 Kh8 10.b4 Ncd7 11.g4 Ng8 12.h4 f5 13.gxf5 gxf5 14.exf5 a5 15.a3 axb4
16.axb4 Rxa1 17.Qxa1 Bh6 18.Bd3 Qe7 19.Nf1 Qg7 20.Ne2 Ndf6 21.Rg1 Qf7 22.
Neg3 b5 23.Qc1 bxc4 24.Bxc4 Ng4 25.Bg5 Bxg5 26.hxg5 Bxf5 27.f3 Bd3 28.Bxd3
Qxf3 29.Qd2 Ra8 30.Bb1 Ra1 31.Qc2 Rxb1+ 32.Qxb1 Qf2+ 33.Kd1 Qxg1 34.Qc1 
Qd4+ 35.Nd2 Ne3+ 36.Ke2 Nxd5 37.Nde4 Nge7 38.Kf3 Qd3+ 39.Kg4 Ne3+ 40.Kh5 
Qb3 41.Nc3 Qf7+ 42.Kh4 Qf4+ 43.Kh3 N7f5 0-1

[Event "interzonal (w)"]
[Site "Smederevska Palanka YUG"]
[Date "1987.07.28"]
[Round "11"]
[White "Madl, Ildiko"]
[Black "Izrailov, Inna"]
[Result "1-0"]
[WhiteElo "2335"]
[BlackElo "2120"]
[EventDate "1987.07.16"]
[PlyCount "47"]

1.e4 c5 2.Nf3 d6 3.d4 cxd4 4.Nxd4 Nf6 5.Nc3 Nc6 6.Be3 e6 7.f4 Bd7 8.Qf3 a6
9.O-O-O Qc7 10.Rg1 Rc8 11.g4 h5 12.h3 hxg4 13.hxg4 Nxd4 14.Bxd4 Bc6 15.g5 
Nd7 16.g6 f5 17.Bd3 Nf6 18.Bxf6 gxf6 19.Qe2 Bh6 20.exf5 Bxf4+ 21.Kb1 Be5 
22.g7 Rg8 23.fxe6 Rxg7 24.Qh5+ 1-0

[Event "interzonal (w)"]
[Site "Smederevska Palanka YUG"]
[Date "1987.07.28"]
[Round "11"]
[White "Markovic-Jovanovic, Gordana"]
[Black "Wu Mingqian"]
[Result "0-1"]
[WhiteElo "2335"]
[BlackElo "2205"]
[EventDate "1987.07.16"]
[PlyCount "66"]

1.e4 e5 2.Nf3 Nc6 3.Bb5 a6 4.Ba4 Nf6 5.O-O Be7 6.Re1 b5 7.Bb3 O-O 8.c3 d5 
9.exd5 Nxd5 10.Nxe5 Nxe5 11.Rxe5 c6 12.d4 Bd6 13.Re1 Qh4 14.g3 Qh3 15.Be3 
Bg4 16.Qd3 f5 17.f4 Rae8 18.Nd2 g5 19.Qf1 Qh5 20.Qf2 Kh8 21.Nf1 Re4 22.
Bxd5 cxd5 23.fxg5 f4 24.Bxf4 Rexf4 25.gxf4 Rxf4 26.Qd2 Qxg5 27.Qg2 Qh5 28.
Ng3 Qf7 29.Re3 h5 30.Rf1 h4 31.Ne2 Rxf1+ 32.Qxf1 Bxh2+ 33.Kg2 h3+ 0-1

[Event "interzonal (w)"]
[Site "Smederevska Palanka YUG"]
[Date "1987.07.28"]
[Round "11"]
[White "Nyberg, Christina"]
[Black "Lelchuk, Zoya"]
[Result "0-1"]
[WhiteElo "2045"]
[BlackElo "2340"]
[EventDate "1987.07.16"]
[PlyCount "76"]

1.d4 Nf6 2.c4 e6 3.Nf3 c5 4.e3 d5 5.Nc3 Nc6 6.Bd3 cxd4 7.exd4 Be7 8.O-O 
O-O 9.h3 b6 10.Be3 Bb7 11.Rc1 Rc8 12.cxd5 Nxd5 13.Qe2 Ncb4 14.Bb1 Ba6 15.
Nb5 Qd7 16.a4 Bf6 17.Bg5 Bxg5 18.Nxg5 g6 19.Ne4 Bxb5 20.axb5 Rc7 21.Rxc7 
Qxc7 22.h4 Rc8 23.g3 Qe7 24.h5 Nf6 25.hxg6 hxg6 26.Ng5 Kg7 27.Nf3 Qd6 28.
Qd2 Rh8 29.Kg2 Rh5 30.Rh1 Rxh1 31.Kxh1 Qd5 32.Qe2 Qh5+ 33.Kg2 Nbd5 34.Ba2 
Ng4 35.Qe4 Ndf6 36.Qc6 Qf5 37.Bb3 Qd3 38.Qc4 Nxf2 0-1

[Event "interzonal (w)"]
[Site "Smederevska Palanka YUG"]
[Date "1987.07.28"]
[Round "11"]
[White "Klimova-Richtrova, Eliska"]
[Black "Arkell, Susan"]
[Result "1-0"]
[WhiteElo "2380"]
[BlackElo "2335"]
[EventDate "1987.07.16"]
[PlyCount "57"]

1.e4 e6 2.d4 d5 3.Nd2 Nf6 4.e5 Nfd7 5.Bd3 c5 6.c3 Nc6 7.Ne2 cxd4 8.cxd4 f6
9.Nf4 Nxd4 10.Qh5+ Ke7 11.Ng6+ hxg6 12.exf6+ Nxf6 13.Qxh8 Kf7 14.f4 Nh5 
15.Qh7 Qf6 16.O-O Bc5 17.Kh1 Bd7 18.Nb3 Nxb3 19.axb3 Bb5 20.f5 Ke7 21.Bxb5
Qh4 22.f6+ Kd6 23.Bf4+ e5 24.Qxg6 exf4 25.fxg7+ Kc7 26.Rf3 Ng3+ 27.Rxg3 
fxg3 28.h3 Qb4 29.Be8 1-0

[Event "interzonal (w)"]
[Site "Smederevska Palanka YUG"]
[Date "1987.07.30"]
[Round "12"]
[White "An Yangfeng"]
[Black "Izrailov, Inna"]
[Result "0-1"]
[WhiteElo "2280"]
[BlackElo "2120"]
[EventDate "1987.07.16"]
[PlyCount "110"]

1.d4 Nf6 2.c4 g6 3.Nc3 Bg7 4.e4 d6 5.Be2 O-O 6.Bg5 h6 7.Be3 c5 8.d5 e6 9.
Qd2 Kh7 10.h3 exd5 11.exd5 b5 12.cxb5 Nbd7 13.a4 Qa5 14.Rd1 Nb6 15.Bf4 Re8
16.Kf1 Rd8 17.Qc2 Qb4 18.Bc1 c4 19.Nf3 Bf5 20.Qd2 Nxa4 21.Nd4 Bd7 22.Nc6 
Bxc6 23.bxc6 a5 24.Nxa4 Qxa4 25.Qd4 Rdb8 26.g3 Rb4 27.Kg2 c3 28.Qxc3 Nxd5 
29.Qf3 Ne7 30.Rxd6 Rc8 31.Qxf7 Re4 32.Re6 Rxe6 33.Qxe6 Qxc6+ 34.Qxc6 Nxc6 
35.Rd1 Nb4 36.b3 Na2 37.Bd2 Nc3 38.Rc1 h5 39.Bf3 Rc7 40.Bf4 Rd7 41.Re1 Bf6
42.Re6 Kg7 43.Ra6 Nd5 44.Bc1 Bc3 45.h4 Nb4 46.Ra8 Nd3 47.Be3 Ne1+ 48.Kf1 
Nxf3 49.Kg2 Nd4 50.b4 axb4 51.Rb8 Kf6 52.Rb6+ Kf7 53.Kh3 Nc2 54.Bc5 Bd4 
55.Bxd4 Rxd4 0-1

[Event "interzonal (w)"]
[Site "Smederevska Palanka YUG"]
[Date "1987.07.30"]
[Round "12"]
[White "De Armas Perez, Asela"]
[Black "Klimova-Richtrova, Eliska"]
[Result "0-1"]
[WhiteElo "2220"]
[BlackElo "2380"]
[EventDate "1987.07.16"]
[PlyCount "110"]

1.e4 g6 2.d4 Bg7 3.Nf3 d6 4.c3 Nf6 5.Bd3 O-O 6.O-O Nc6 7.h3 Nd7 8.Be3 e5 
9.Qd2 Qe7 10.Na3 a6 11.Nc2 f5 12.Bg5 Qf7 13.Ne3 Nb6 14.exf5 gxf5 15.Bc2 
Be6 16.Rfd1 Ne7 17.Nh4 e4 18.g3 c6 19.Neg2 Ned5 20.Bf4 Rad8 21.b3 c5 22.
Rac1 Bf6 23.Bh6 Rfe8 24.c4 cxd4 25.cxd5 Nxd5 26.Re1 Rc8 27.Kh2 Rc3 28.Bxe4
fxe4 29.Rxe4 Rec8 30.Qe1 Bd7 31.Rd1 Rc2 32.Rd2 Qh5 33.Rxc2 Rxc2 34.Bf4 
Nxf4 35.Nxf4 Qc5 36.Ne6 Qd5 37.Nf4 Qc6 38.Nh5 Be5 39.Ng2 Rxf2 40.Qxf2 Qxe4
41.Nf6+ Bxf6 42.Qxf6 Bc6 43.Qd8+ Kf7 44.Qc7+ Qe7 45.Qxe7+ Kxe7 46.Nf4 Kf6 
47.Kg1 Ke5 48.Kf2 Ke4 49.Ke2 Bb5+ 50.Kd2 Kf3 51.Ne6 Kxg3 52.Nxd4 Kxh3 53.
a4 Bd7 54.a5 h5 55.Ke3 Kg2 0-1

[Event "interzonal (w)"]
[Site "Smederevska Palanka YUG"]
[Date "1987.07.30"]
[Round "12"]
[White "Gaprindashvili, Nona"]
[Black "Nyberg, Christina"]
[Result "1-0"]
[WhiteElo "2495"]
[BlackElo "2045"]
[EventDate "1987.07.16"]
[PlyCount "87"]

1.d4 d5 2.c4 e6 3.Nf3 Nf6 4.Nc3 Nbd7 5.Bg5 c6 6.cxd5 exd5 7.e3 Be7 8.Qc2 
O-O 9.Bd3 Re8 10.g4 Nf8 11.Bxf6 Bxf6 12.Rg1 Be6 13.O-O-O c5 14.h4 c4 15.
Bf5 g6 16.e4 Qa5 17.h5 dxe4 18.Bxe4 Rab8 19.Kb1 b5 20.Nd5 Bxd5 21.Bxd5 Qb6
22.hxg6 hxg6 23.Ne5 Bxe5 24.dxe5 Rxe5 25.Qc3 Rbe8 26.Rh1 g5 27.Be4 Qf6 28.
f3 Kg7 29.Rh5 Rc5 30.Qd2 Rec8 31.Rdh1 c3 32.bxc3 Qxc3 33.Qxc3+ Rxc3 34.
Rxg5+ Kf6 35.Rf5+ Ke7 36.Rxb5 R8c7 37.Rhh5 Ne6 38.Rh7 Nd4 39.Re5+ Kf6 40.
Ra5 Rc1+ 41.Kb2 R1c4 42.g5+ Ke7 43.g6 Kf8 44.g7+ 1-0

[Event "interzonal (w)"]
[Site "Smederevska Palanka YUG"]
[Date "1987.07.30"]
[Round "12"]
[White "Arkell, Susan"]
[Black "Markovic-Jovanovic, Gordana"]
[Result "1/2-1/2"]
[WhiteElo "2335"]
[BlackElo "2335"]
[EventDate "1987.07.16"]
[PlyCount "122"]

1.e4 e5 2.Nf3 Nc6 3.d4 exd4 4.Nxd4 Nf6 5.Nc3 Bb4 6.Nxc6 bxc6 7.Bd3 d5 8.
exd5 cxd5 9.O-O O-O 10.Bg5 c6 11.Ne2 Bg4 12.c3 Bd6 13.Qa4 Bxe2 14.Bxe2 h6 
15.Bh4 Re8 16.Bf3 Re6 17.Rae1 Qe8 18.Rxe6 Qxe6 19.b3 Nd7 20.Bg4 Nb6 21.
Bxe6 Nxa4 22.Bxd5 cxd5 23.bxa4 Rc8 24.Bg3 Bxg3 25.hxg3 Rxc3 26.Rb1 Rc4 27.
a5 Rc5 28.a6 Ra5 29.Rb8+ Kh7 30.Rd8 Rxa6 31.Rxd5 Rxa2 32.Rd8 Kg6 33.g4 Ra6
34.Ra8 Kf6 35.f3 Ke7 36.Kf2 Kd7 37.Rf8 Rf6 38.Ra8 Ra6 39.Rf8 Ke6 40.f4 
Ra2+ 41.Kf3 Ra3+ 42.Kf2 Rd3 43.Rg8 Kf6 44.Ra8 Rd7 45.Kf3 Ke6 46.Ke4 Kd6 
47.Kf5 Kc6 48.g5 hxg5 49.Kxg5 Kb7 50.Rg8 f6+ 51.Kg6 a5 52.g4 a4 53.g5 fxg5
54.fxg5 a3 55.Re8 Kb6 56.Kh7 Ra7 57.Re1 Kc5 58.g6 Kb4 59.Re4+ Kc3 60.Re2 
Kb3 61.Re3+ Kb4 1/2-1/2

[Event "interzonal (w)"]
[Site "Smederevska Palanka YUG"]
[Date "1987.07.30"]
[Round "12"]
[White "Maric, Alisa"]
[Black "Madl, Ildiko"]
[Result "0-1"]
[WhiteElo "2360"]
[BlackElo "2335"]
[EventDate "1987.07.16"]
[PlyCount "122"]

1.e4 c5 2.c3 d6 3.d4 Nf6 4.Bd3 Nbd7 5.Nf3 Qc7 6.Nbd2 g6 7.O-O Bg7 8.Re1 e5
9.dxe5 dxe5 10.a4 O-O 11.Nc4 b6 12.Bg5 Bb7 13.Qd2 Rad8 14.Rad1 Rfe8 15.Qc1
Nf8 16.Bc2 Rxd1 17.Qxd1 Re6 18.Bxf6 Bxf6 19.Bb3 Bg7 20.Ng5 Rf6 21.Nxf7 
Kxf7 22.Nxb6+ Ke7 23.Nc4 Ne6 24.Qd2 Rf8 25.Qe3 Nf4 26.f3 Rd8 27.Qf2 Bf6 
28.Qg3 h5 29.h4 Ba6 30.Ne3 c4 31.Ba2 Qc5 32.Kh1 Rd2 33.Nd5+ Nxd5 34.exd5 
Qf2 35.Rxe5+ Kf7 36.Qxf2 Rxf2 37.Re6 Rxb2 38.Rxa6 Rxa2 39.Rxa7+ Ke8 40.
Ra8+ Kd7 41.Ra7+ Kc8 42.Ra6 Bxh4 43.Rxg6 Rxa4 44.g3 Bd8 45.Rc6+ Kd7 46.Kg2
Ba5 47.Ra6 Ra1 48.Rc6 Ra4 49.Ra6 Kc7 50.f4 Kb7 51.Rc6 Bxc3 52.f5 Be5 53.
Re6 Bd4 54.f6 Ra2+ 55.Kh3 c3 56.f7 Rf2 57.Re7+ Ka6 58.d6 Bb6 59.d7 c2 60.
Re1 Rxf7 61.Rc1 Rf2 0-1

[Event "interzonal (w)"]
[Site "Smederevska Palanka YUG"]
[Date "1987.07.30"]
[Round "12"]
[White "Lelchuk, Zoya"]
[Black "Chaves, Joara"]
[Result "1-0"]
[WhiteElo "2340"]
[BlackElo "2130"]
[EventDate "1987.07.16"]
[PlyCount "131"]

1.d4 f5 2.g3 Nf6 3.Bg2 e6 4.Nf3 Bb4+ 5.c3 Be7 6.O-O O-O 7.Bg5 d6 8.Nbd2 h6
9.Bxf6 Bxf6 10.e4 Nc6 11.Re1 g5 12.h3 Bg7 13.Nf1 Qf6 14.Qd2 e5 15.dxe5 
dxe5 16.Ne3 fxe4 17.Qd5+ Kh8 18.Qxe4 Bxh3 19.Nd5 Qf7 20.Bxh3 Qxf3 21.Qxf3 
Rxf3 22.Nxc7 Rd8 23.Rad1 Rfd3 24.Rxd3 Rxd3 25.Bg4 Bf6 26.Kg2 Rd2 27.Re2 
Rxe2 28.Bxe2 e4 29.Nd5 Bd8 30.b4 Ne7 31.Nf6 Kg7 32.Nxe4 Nd5 33.Bc4 Nf6 34.
Nc5 Bb6 35.Ne6+ Kg6 36.f3 Be3 37.Bd3+ Kf7 38.Nd8+ Ke7 39.Nxb7 Nd5 40.Na5 
Nxc3 41.a3 Bc1 42.Nc4 Nd1 43.a4 Ne3+ 44.Nxe3 Bxe3 45.Kh3 Bd2 46.b5 Ba5 47.
Kg4 Kf6 48.f4 gxf4 49.gxf4 Bc7 50.Bf1 Bb6 51.Bh3 Bc7 52.Kf3 Bb6 53.Ke4 Bc7
54.f5 Bd8 55.Kd5 Bb6 56.Kc6 h5 57.Kb7 Bd4 58.a5 Kg5 59.b6 axb6 60.axb6 Kh4
61.Kc6 Bxb6 62.Kxb6 Kxh3 63.f6 Kg2 64.f7 h4 65.f8=Q h3 66.Qg7+ 1-0

[Event "interzonal (w)"]
[Site "Smederevska Palanka YUG"]
[Date "1987.07.30"]
[Round "12"]
[White "Voiska, Margarita"]
[Black "Levitina, Irina"]
[Result "1/2-1/2"]
[WhiteElo "2350"]
[BlackElo "2350"]
[EventDate "1987.07.16"]
[PlyCount "160"]

1.Nf3 Nf6 2.g3 g6 3.Bg2 Bg7 4.O-O O-O 5.d4 d5 6.c4 dxc4 7.Na3 c3 8.bxc3 c5
9.Qb3 Nc6 10.Rd1 cxd4 11.cxd4 Na5 12.Qb2 Be6 13.Bf4 Bd5 14.Rac1 b6 15.Be5 
Rc8 16.Rxc8 Qxc8 17.Rc1 Qa6 18.Ne1 Bxg2 19.Nxg2 Rc8 20.Rxc8+ Qxc8 21.Ne3 
Nc6 22.Qc2 Qd7 23.Bxf6 Bxf6 24.d5 Nd4 25.Qc4 b5 26.Qd3 e6 27.dxe6 Qxe6 28.
Nxb5 Qxa2 29.Nxd4 Qa1+ 30.Kg2 Qxd4 31.Qb5 Qe4+ 32.Kg1 Kg7 33.Nd5 Qe5 34.
Qc4 Qd4 35.Qc6 a5 36.e3 Qa1+ 37.Kg2 a4 38.Nxf6 Qxf6 39.Qxa4 Qe6 40.Qd4+ 
Kg8 41.e4 h5 42.Qd5 Qc8 43.h4 Qa6 44.Qe5 Qe2 45.Qf4 Qc4 46.e5 Qd5+ 47.Kh2 
Qd3 48.Qf6 Qe4 49.Qd8+ Kg7 50.Qd6 Kg8 51.Kg1 Qe1+ 52.Kg2 Qe4+ 53.Kf1 Qc4+ 
54.Ke1 Qc3+ 55.Ke2 Qb2+ 56.Kf3 Qc3+ 57.Kg2 Qc4 58.Qb8+ Kg7 59.Qb7 Kg8 60.
Qf3 Qd4 61.Qe2 Qd5+ 62.f3 Kg7 63.Kh2 Qd4 64.Kg2 Qd5 65.Qe3 Qa2+ 66.Kh3 
Qe6+ 67.g4 hxg4+ 68.fxg4 Qd5 69.Kg3 Kh7 70.h5 gxh5 71.gxh5 Qc4 72.Qf4 Qd5 
73.Kg4 Qd1+ 74.Kh4 Qd8+ 75.Qg5 Qd4+ 76.Kh3 Qd3+ 77.Qg3 Qe4 78.Qg5 Qh1+ 79.
Kg4 Qd1+ 80.Kf5 Qd3+ 1/2-1/2

[Event "interzonal (w)"]
[Site "Smederevska Palanka YUG"]
[Date "1987.07.30"]
[Round "12"]
[White "Wu Mingqian"]
[Black "Litinskaya, Marta"]
[Result "0-1"]
[WhiteElo "2205"]
[BlackElo "2415"]
[EventDate "1987.07.16"]
[PlyCount "64"]

1.e4 c5 2.Nf3 d6 3.d4 cxd4 4.Nxd4 Nf6 5.Nc3 a6 6.Be3 e6 7.Qd2 b5 8.f3 Nbd7
9.g4 h6 10.O-O-O Bb7 11.Bd3 Ne5 12.Rhe1 Rc8 13.Kb1 g5 14.h4 gxh4 15.g5 
hxg5 16.Bxg5 Be7 17.f4 Nxd3 18.Qxd3 h3 19.e5 dxe5 20.fxe5 Nd5 21.Ne4 Nb4 
22.Qe3 Bxe4 23.Qxe4 Qd5 24.Bxe7 Qxe4 25.Bxb4 Qb7 26.Bd6 h2 27.Rh1 Qd5 28.
c3 f5 29.a3 Kf7 30.Kc2 Rcg8 31.Kb1 Qxh1 32.Rxh1 Rg1+ 0-1

[Event "interzonal (w)"]
[Site "Smederevska Palanka YUG"]
[Date "1987.07.31"]
[Round "13"]
[White "Chaves, Joara"]
[Black "Gaprindashvili, Nona"]
[Result "0-1"]
[WhiteElo "2130"]
[BlackElo "2495"]
[EventDate "1987.07.16"]
[PlyCount "80"]

1.c4 e5 2.Nc3 d6 3.g3 g6 4.Bg2 Bg7 5.e3 Ne7 6.Nge2 O-O 7.O-O c6 8.d4 Bg4 
9.f3 Be6 10.d5 cxd5 11.cxd5 Bd7 12.Qb3 Qb6 13.Qxb6 axb6 14.Rd1 Na6 15.Ne4 
Nc8 16.Bd2 f5 17.Nf2 Bh6 18.Bf1 b5 19.Nc3 Na7 20.a4 Nc5 21.axb5 Nb3 22.b6 
Nxd2 23.Rxa7 Rxa7 24.bxa7 Nxf1 25.Kxf1 Bxe3 26.Ra1 Ra8 27.Ke2 Rxa7 28.Rxa7
Bxa7 29.Nfd1 Kf7 30.Kd3 Bg1 31.h3 h5 32.Ne3 Ke7 33.Nc4 Bf2 34.g4 b5 35.Na5
b4 36.Na2 Bb5+ 37.Kd2 e4 38.fxe4 fxg4 39.hxg4 h4 40.Nxb4 h3 0-1

[Event "interzonal (w)"]
[Site "Smederevska Palanka YUG"]
[Date "1987.07.31"]
[Round "13"]
[White "Izrailov, Inna"]
[Black "Maric, Alisa"]
[Result "1/2-1/2"]
[WhiteElo "2120"]
[BlackElo "2360"]
[EventDate "1987.07.16"]
[PlyCount "35"]

1.e4 c5 2.Nf3 Nc6 3.d4 cxd4 4.Nxd4 e6 5.Nc3 a6 6.g3 Qc7 7.Bg2 Nf6 8.O-O 
Nxd4 9.Qxd4 Bc5 10.Bf4 d6 11.Qd2 h6 12.Na4 e5 13.Nxc5 dxc5 14.Be3 Ng4 15.
Rfd1 O-O 16.Bf3 Nxe3 17.Qxe3 Be6 18.a3 1/2-1/2

[Event "interzonal (w)"]
[Site "Smederevska Palanka YUG"]
[Date "1987.07.31"]
[Round "13"]
[White "Levitina, Irina"]
[Black "Wu Mingqian"]
[Result "1-0"]
[WhiteElo "2350"]
[BlackElo "2205"]
[EventDate "1987.07.16"]
[PlyCount "53"]

1.d4 f5 2.Nf3 Nf6 3.c4 e6 4.Nc3 d5 5.Bf4 c6 6.e3 Be7 7.Bd3 Ne4 8.O-O O-O 
9.Bc2 Nd7 10.Nxe4 fxe4 11.Nd2 Bf6 12.Bg3 Kh8 13.f3 exf3 14.Nxf3 Qe8 15.Bd6
Be7 16.Qd3 g6 17.Bf4 Bf6 18.e4 dxc4 19.Qxc4 Nb6 20.Qd3 Bd7 21.e5 Nd5 22.
exf6 Nxf4 23.Qe4 Nd5 24.Ng5 Rf7 25.Qh4 Kg8 26.Rf3 Qf8 27.Bxg6 1-0

[Event "interzonal (w)"]
[Site "Smederevska Palanka YUG"]
[Date "1987.07.31"]
[Round "13"]
[White "Litinskaya, Marta"]
[Black "Arkell, Susan"]
[Result "0-1"]
[WhiteElo "2415"]
[BlackElo "2335"]
[EventDate "1987.07.16"]
[PlyCount "86"]

1.d4 d5 2.c4 e6 3.Nc3 c5 4.cxd5 exd5 5.Nf3 Nc6 6.g3 Nf6 7.Bg2 Be7 8.O-O 
O-O 9.Bg5 cxd4 10.Nxd4 h6 11.Be3 Re8 12.Qb3 Na5 13.Qc2 Bg4 14.Nf5 Bf8 15.
h3 Bh5 16.Bd4 Rc8 17.g4 Bg6 18.Qd3 Nc4 19.b3 Ne5 20.Qg3 Bxf5 21.gxf5 Nh5 
22.Qe3 Nc6 23.Qd2 Qh4 24.e3 Nxd4 25.exd4 Bb4 26.Rac1 Nf4 27.Kh2 Ne2 28.
Qxe2 Rxe2 29.Nxe2 Rxc1 30.Nxc1 Qxd4 31.Bf3 Qf4+ 32.Kg2 Qg5+ 33.Kh1 Qf4 34.
Kg2 Qg5+ 35.Bg4 Bd6 36.Ne2 Qd2 37.a4 Qc2 38.Nd4 Qe4+ 39.Nf3 Bc5 40.Rd1 Qe2
41.Rxd5 Qxf2+ 42.Kh1 Qf1+ 43.Kh2 Be3 0-1

[Event "interzonal (w)"]
[Site "Smederevska Palanka YUG"]
[Date "1987.07.31"]
[Round "13"]
[White "Madl, Ildiko"]
[Black "Lelchuk, Zoya"]
[Result "0-1"]
[WhiteElo "2335"]
[BlackElo "2340"]
[EventDate "1987.07.16"]
[PlyCount "76"]

1.e4 Nf6 2.e5 Nd5 3.d4 d6 4.Nf3 Bg4 5.Be2 e6 6.O-O Be7 7.c4 Nb6 8.Nc3 O-O 
9.Be3 Nc6 10.b3 dxe5 11.dxe5 Nd7 12.Bf4 Bxf3 13.Bxf3 Ndxe5 14.Bxe5 Nxe5 
15.Bxb7 Rb8 16.Be4 f5 17.Bc2 Bf6 18.Nb5 c6 19.Nd6 Ng4 20.c5 Bxa1 21.Qxa1 
Qf6 22.h3 Ne5 23.Qc3 Nf7 24.Qc4 Nxd6 25.cxd6 Rfd8 26.Rd1 c5 27.Kf1 Rb6 28.
Qxc5 Qf8 29.b4 Rbxd6 30.Rxd6 Qxd6 31.Bb3 Qxc5 32.Bxe6+ Kf8 33.bxc5 g6 34.
c6 Rd1+ 35.Ke2 Rc1 36.Bd5 Rc5 37.Bf3 Ke7 38.Ke3 Ra5 0-1

[Event "interzonal (w)"]
[Site "Smederevska Palanka YUG"]
[Date "1987.07.31"]
[Round "13"]
[White "Markovic-Jovanovic, Gordana"]
[Black "De Armas Perez, Asela"]
[Result "1/2-1/2"]
[WhiteElo "2335"]
[BlackElo "2220"]
[EventDate "1987.07.16"]
[PlyCount "39"]

1.e4 c5 2.c3 Nf6 3.e5 Nd5 4.d4 cxd4 5.Qxd4 e6 6.Nf3 Nc6 7.Qe4 d6 8.Nbd2 
Nxe5 9.Nxe5 dxe5 10.Qxe5 Qd6 11.Bb5+ Bd7 12.Bxd7+ Qxd7 13.O-O Qc7 14.Qxc7 
Nxc7 15.Ne4 Rd8 16.Bg5 Be7 17.Bxe7 Kxe7 18.Rfd1 b6 19.c4 f5 20.Nc3 1/2-1/2

[Event "interzonal (w)"]
[Site "Smederevska Palanka YUG"]
[Date "1987.07.31"]
[Round "13"]
[White "Nyberg, Christina"]
[Black "Voiska, Margarita"]
[Result "0-1"]
[WhiteElo "2045"]
[BlackElo "2350"]
[EventDate "1987.07.16"]
[PlyCount "64"]

1.d4 Nf6 2.c4 c5 3.d5 b5 4.cxb5 a6 5.bxa6 g6 6.Nc3 Bxa6 7.Nf3 d6 8.g3 Bg7 
9.Bg2 Nbd7 10.O-O Nb6 11.Rb1 Bc4 12.Ng5 h6 13.Nh3 Bxa2 14.Nxa2 Rxa2 15.e4 
O-O 16.f4 Ra4 17.Qe2 Qc8 18.Nf2 Qa6 19.Qxa6 Rxa6 20.b4 c4 21.Be3 Nfd7 22.
Rfc1 Ra3 23.Nd1 c3 24.Rc2 Rfa8 25.Rbc1 Nc4 26.Bf1 Nxe3 27.Nxe3 Bd4 28.Kf2 
Rb3 29.b5 Rb2 30.Kf3 Raa2 31.Rxb2 cxb2 32.Rb1 Ra3 0-1

[Event "interzonal (w)"]
[Site "Smederevska Palanka YUG"]
[Date "1987.07.31"]
[Round "13"]
[White "Klimova-Richtrova, Eliska"]
[Black "An Yangfeng"]
[Result "1-0"]
[WhiteElo "2380"]
[BlackElo "2280"]
[EventDate "1987.07.16"]
[PlyCount "97"]

1.e4 e5 2.Nf3 Nc6 3.Bb5 g6 4.c3 a6 5.Ba4 d6 6.d4 Bd7 7.O-O Bg7 8.dxe5 dxe5
9.Be3 Nf6 10.Nbd2 Qe7 11.b4 b6 12.Bb3 O-O 13.Qe2 h6 14.Ne1 Be6 15.f3 a5 
16.b5 Nd8 17.Nd3 Nd7 18.Rac1 Kh7 19.Bf2 Nb7 20.Bd5 Bxd5 21.exd5 f5 22.c4 
Rfe8 23.Rfe1 Qf7 24.Nb3 Bf8 25.Qb2 Bg7 26.Qc2 Rad8 27.Rcd1 Re7 28.Re2 Kg8 
29.Rde1 g5 30.Nd4 e4 31.fxe4 fxe4 32.Rxe4 Rxe4 33.Rxe4 Nbc5 34.Nxc5 Nxc5 
35.Re2 Re8 36.Nc6 Nd7 37.h3 Kh8 38.Bg3 Rxe2 39.Qxe2 Nc5 40.Qe7 Bd4+ 41.Kh2
Qxe7 42.Nxe7 Ne4 43.Bxc7 Nd2 44.Nf5 Bf6 45.c5 Ne4 46.cxb6 Nc5 47.g3 Kh7 
48.Nd6 Be7 49.b7 1-0

[Event "interzonal (w)"]
[Site "Smederevska Palanka YUG"]
[Date "1987.08.01"]
[Round "14"]
[White "An Yangfeng"]
[Black "Maric, Alisa"]
[Result "1-0"]
[WhiteElo "2280"]
[BlackElo "2360"]
[EventDate "1987.07.16"]
[PlyCount "55"]

1.d4 Nf6 2.Nf3 d5 3.c4 e6 4.Nc3 Be7 5.e3 O-O 6.Bd3 c5 7.O-O Nc6 8.a3 a6 9.
dxc5 Bxc5 10.b4 Ba7 11.Bb2 Qe7 12.Qe2 dxc4 13.Bxc4 b5 14.Bd3 Bb7 15.Rac1 
e5 16.Ne4 Nd5 17.Bb1 f5 18.Nc5 e4 19.Ba2 Rad8 20.Nxb7 Qxb7 21.Ng5 Rd6 22.
Rfd1 Rfd8 23.Ne6 Rxe6 24.Rxd5 Rxd5 25.Bxd5 Qd7 26.Bxe6+ Qxe6 27.Qc2 Ne7 
28.Qc3 1-0

[Event "interzonal (w)"]
[Site "Smederevska Palanka YUG"]
[Date "1987.08.01"]
[Round "14"]
[White "De Armas Perez, Asela"]
[Black "Litinskaya, Marta"]
[Result "0-1"]
[WhiteElo "2220"]
[BlackElo "2415"]
[EventDate "1987.07.16"]
[PlyCount "150"]

1.e4 c5 2.Nf3 d6 3.d4 cxd4 4.Nxd4 Nf6 5.Nc3 a6 6.g3 e5 7.Nde2 Nbd7 8.Bg2 
b5 9.O-O Bb7 10.h3 Be7 11.g4 O-O 12.Ng3 b4 13.Nd5 Nxd5 14.exd5 g6 15.a3 a5
16.Bh6 Re8 17.Bd2 Qb6 18.c3 bxc3 19.Bxc3 a4 20.Bb4 Nc5 21.Rc1 Nb3 22.Rc3 
Nd4 23.Re1 Kh8 24.Ne2 Nb5 25.Rf3 Kg8 26.Nc3 Nd4 27.Rfe3 Qa7 28.Be4 Bg5 29.
Rg3 Bf4 30.Rg2 Red8 31.Bc2 Nxc2 32.Qxc2 Qa6 33.Rd1 Qc4 34.Qe4 Qb3 35.f3 
Ba6 36.Ba5 Rdc8 37.Re1 Bc4 38.Bb4 Ra6 39.Rd1 Rb6 40.Qe1 Rxb4 41.axb4 Qxb4 
42.Ne4 Qb6+ 43.Kh1 Bb3 44.Ra1 h6 45.Qh4 Qd8 46.Qf6 Qxf6 47.Nxf6+ Kf8 48.
Ne4 Ke7 49.Nc3 Rc4 50.Re2 f5 51.Kg2 Rd4 52.Ra3 Kd8 53.gxf5 gxf5 54.h4 Kd7 
55.Kh3 Bd2 56.Rg2 Be1 57.Rg7+ Ke8 58.Nb5 Rxh4+ 59.Kg2 Kf8 60.Rd7 Bb4 61.
Nxd6 Bxa3 62.bxa3 Bxd5 63.Nxf5 Bxf3+ 64.Kxf3 Rf4+ 65.Kg3 Rxf5 66.Ra7 Rf4 
67.Rh7 Rc4 68.Rxh6 Rc3+ 69.Kg4 e4 70.Kf5 e3 71.Re6 Kf7 72.Re4 Rxa3 73.Kg5 
Rd3 74.Rxa4 e2 75.Re4 Rd5+ 0-1

[Event "interzonal (w)"]
[Site "Smederevska Palanka YUG"]
[Date "1987.08.01"]
[Round "14"]
[White "Gaprindashvili, Nona"]
[Black "Madl, Ildiko"]
[Result "1/2-1/2"]
[WhiteElo "2495"]
[BlackElo "2335"]
[EventDate "1987.07.16"]
[PlyCount "63"]

1.d4 Nf6 2.c4 e6 3.Nf3 c5 4.d5 exd5 5.cxd5 d6 6.Nc3 g6 7.Bf4 a6 8.a4 Bg7 
9.e4 Bg4 10.Be2 Bxf3 11.Bxf3 Qe7 12.O-O Nbd7 13.a5 O-O 14.Qd2 h5 15.h3 
Rac8 16.Rfe1 c4 17.Na4 Ne5 18.Bxe5 Qxe5 19.Nb6 c3 20.bxc3 Rxc3 21.Rac1 
Rxc1 22.Qxc1 Qd4 23.Qa3 Re8 24.Rd1 Qe5 25.Nc4 Qg5 26.Qxd6 Nxe4 27.Bxe4 
Rxe4 28.Qc7 Bd4 29.Ne3 Bxe3 30.fxe3 Qxe3+ 31.Kh1 Qf2 32.Qxb7 1/2-1/2

[Event "interzonal (w)"]
[Site "Smederevska Palanka YUG"]
[Date "1987.08.01"]
[Round "14"]
[White "Arkell, Susan"]
[Black "Levitina, Irina"]
[Result "0-1"]
[WhiteElo "2335"]
[BlackElo "2350"]
[EventDate "1987.07.16"]
[PlyCount "74"]

1.e4 g6 2.d4 Bg7 3.Nc3 c6 4.Nf3 d5 5.h3 dxe4 6.Nxe4 Nd7 7.Bc4 Ngf6 8.Ng3 
O-O 9.O-O b5 10.Bb3 c5 11.c4 bxc4 12.Bxc4 cxd4 13.Nxd4 Bb7 14.Be3 Nb6 15.
Bb3 Nfd5 16.Bg5 h6 17.Bh4 Nf4 18.Nde2 Nxg2 19.Qxd8 Rfxd8 20.Bxe7 Re8 21.
Ba3 Nh4 22.Rfd1 Nf3+ 23.Kf1 Ba6 24.Rac1 Be5 25.Rc2 Bxg3 26.fxg3 Rxe2 27.
Rxe2 Re8 28.Kf2 Bxe2 29.Rd6 Ng5 30.Rxg6+ Kh7 31.Rc6 Bb5 32.Rc2 Bd3 33.h4 
Ne4+ 34.Kf3 Bxc2 35.Bxc2 f5 36.Kf4 Kg6 37.h5+ Kf6 0-1

[Event "interzonal (w)"]
[Site "Smederevska Palanka YUG"]
[Date "1987.08.01"]
[Round "14"]
[White "Klimova-Richtrova, Eliska"]
[Black "Markovic-Jovanovic, Gordana"]
[Result "1-0"]
[WhiteElo "2380"]
[BlackElo "2335"]
[EventDate "1987.07.16"]
[PlyCount "81"]

1.e4 e5 2.Nf3 Nc6 3.Bb5 a6 4.Ba4 Nf6 5.O-O Be7 6.Re1 b5 7.Bb3 O-O 8.a4 Bb7
9.Nc3 b4 10.Nd5 Na5 11.Nxf6+ Bxf6 12.Ba2 d5 13.Bxd5 Bxd5 14.exd5 Qxd5 15.
d3 Rfe8 16.Re4 c5 17.b3 c4 18.bxc4 Nxc4 19.Bg5 Nd6 20.Rxb4 Qc5 21.Rab1 
Bxg5 22.Nxg5 Rac8 23.R1b2 a5 24.Ne4 Nxe4 25.Rxe4 Qc3 26.Qb1 Red8 27.h3 Rd4
28.Rb8 Rxe4 29.dxe4 g6 30.Qb3 Qc6 31.c4 Kg7 32.Rxc8 Qxc8 33.Qb5 f6 34.c5 
Qd8 35.Qb7+ Kh6 36.Qd5 Qb8 37.Qd2+ Kg7 38.Qd3 Qb7 39.Kh2 Qc6 40.Qd5 Qxa4 
41.c6 1-0

[Event "interzonal (w)"]
[Site "Smederevska Palanka YUG"]
[Date "1987.08.01"]
[Round "14"]
[White "Lelchuk, Zoya"]
[Black "Izrailov, Inna"]
[Result "1-0"]
[WhiteElo "2340"]
[BlackElo "2120"]
[EventDate "1987.07.16"]
[PlyCount "83"]

1.Nf3 Nf6 2.c4 d6 3.Nc3 g6 4.g3 Bg7 5.Bg2 O-O 6.O-O c6 7.d3 Qa5 8.h3 Nbd7 
9.Bd2 Qc7 10.b4 e5 11.Rb1 Nh5 12.e4 h6 13.Nh4 Qd8 14.Nf5 gxf5 15.Qxh5 Nf6 
16.Qh4 Nh7 17.Qxd8 Rxd8 18.b5 fxe4 19.bxc6 bxc6 20.Nxe4 Ba6 21.Ba5 Rd7 22.
Bb4 Rad8 23.g4 Bf8 24.Rfc1 Be7 25.Ng3 Bg5 26.Bxc6 Rc7 27.Bg2 Bxc1 28.Ba5 
Rcd7 29.Bxd8 Rxd8 30.Rxc1 Ng5 31.Nf5 Kh7 32.Rc3 Bc8 33.Ra3 Rd7 34.h4 Ne6 
35.Be4 Nc5 36.Nxd6+ Nxe4 37.Nxe4 Kg7 38.f3 Rc7 39.Kf2 Bd7 40.Ke3 f5 41.
gxf5 Bxf5 42.Ra5 1-0